Équipes commençant par la lettre C - Statistiques

Statistiques générales
  • Ce quiz a été pris 56 fois
  • Le résultat moyen est 13 sur 20
Statistiques - réponses
Par images Réponse % Correct
Celtic FC
100%
SM Caen
96%
Crystal Palace
93%
Celta de Vigo
89%
Chelsea FC
89%
1. FC Cologne
87%
Cagliari Calcio
83%
FC Copenhague
83%
CSKA Moscou
76%
Cardiff City
67%
Como 1907
67%
Club América
61%
Cádiz CF
57%
SC Corinthians
57%
Colo-Colo
52%
Charlton Athletic
43%
US Cremonese
24%
Cruzeiro EC
19%
CSKA Sofia
15%
Cruz Azul
9%
Aucun quiz correspondant
Distribution des résultats
% des personnes avec chaque résultat
Percentile par nombre de réponses
Votre historique - résultats
Vous n’avez pas pris ce quiz